000 00760nas a2200253 4500
001 BR0704159
003 BR-BrBNA
005 20231205111045.0
007 ta
008 230509b bl.|||p| |||| 00| 00por d
040 _aBR-BrBNA
_bpor
_cBiblioteca Nacional de Agricultura
041 _a(En)
072 _aF04; P35
100 1 _aLongo, R.M.
100 1 _aEspíndola, C.R.
100 1 _aVieira, S.R.
245 1 _aEffect of sillage application on the structure of tropical cultivated soils
650 _aVINHAÇA
650 _aRESIDUO INDUSTRIAL
650 _aFERTILIDADE DO SOLO
773 0 _tEcossistema (Brazil)
_xISSN 0100-4107
_g(Jan-Dec 2002), v. 27(1-2) p. 5-10
_wBR0704159
909 _a202311
_bLúcia
_c55
_dLúcia Elande
942 _2AGRIS
_n0
_cANA
999 _c190381
_d190381